Statistics for European Countries with Significant Minority Languages

Click here to take the quiz!

General Stats

  • This quiz has been taken 436 times
  • The average score is 5 of 8

Answer Stats

Answer% Correct
Spain
88%
Switzerland
79%
Belgium
76%
Ukraine
74%
Belarus
62%
Luxembourg
49%
Andorra
41%
Macedonia
31%

Score Distribution

Percentile by Number Answered

Percent of People with Each Score

Your Score History

You have not taken this quiz